Statistieken voor algemene kennisquiz

Klik hier om de quiz te nemen!

Algemene statistieken

  • Deze quiz is 53 keer genomen
  • De gemiddelde score is 6 van 20

Antwoordstatistieken

questionAntwoord% Correct
Wat is de hoofdstad van Zuid-Korea?Seoul
79%
Wat is de naam van de langste rivier in Brazilië?Amazone
75%
Wie was de derde koning van België?Albert I
56%
Met welke zee of oceaan verbindt het Suezkanaal de Middellandse zee?De Rode Zee
48%
Wat is de naam van de bekende Canadese circusorganisatie? hint: Franse naamcirque du soleil
46%
Welk edelgas kom je als eerste tegen in het periodiek systeem?Helium
44%
Wat is de naam van de professionele americanfootballeague?NFL
40%
Alexander de grote was koning van ...Macedonië
31%
Wie won in het jaar 1993 de Nobelprijs voor vrede naast Frederik Willem de Klerk?Nelson Mandela
31%
Wie heeft de meeste premier league goals voor zijn naam?Alan shearer
19%
Wie vertegenwoordigde België op het Eurovisiesongfestival in 2016?Laura Tesoro
19%
In welk jaar zijn de Verenigde Staten onafhankelijk verklaard van het Verenigd Koninkrijk?1776
17%
Voor welk parfummerk modelleert Johnny Depp?Dior Sauvage
15%
Welk liedje werd er het meest beluisterd op spotify?Blinding Lights
13%
Welke acteur speelde Alfie Solomons in de Britse dramaserie Peaky Blinders?Tom Hardy
8%
Best verkocht computerspel in Europa in 2022?Fifa 23
6%
Wat is de naam van het moederbedrijf van Google?Alphabet
4%
Wat is de grootste Belgische gemeente qua oppervlakte?Doornik
2%
Wat was de naam van de Briste militaire leider die Napoleon versloeg?Arthur Wellesley
0%
Wie was de allereerste James Bond acteur?George Lazenby
0%

Scoreverdeling

Percentiel versus Aantal Correcte Antwoorden

Procent van Mensen met Elke Score

Uw Scoregeschiedenis

U heeft deze quiz nog niet genomen